000 00312nam a2200109 4500
245 _aMinistry of fear : an entertainment
_cGraham Greene
100 _aGreene, Graham
260 _aHarmondsworth,Eng
_b Penguin Books
_c1963[reprinted 1972]
300 _a236p.; 18cm.-
490 _aPenguin books
082 _a823.912
_bGRE
999 _c1756
_d1756